000 00865nam a2200205Ia 4500
008 0000001999 mX a 0000000000spa00
090 _aPSP00 C17s2
100 1 _aCarbonell, Santiago
_d1960
245 1 0 _aSantiago Carbonell
_b: paisajes, obra reciente
300 _a[20] p.
_c/ 26 cm.
500 _aExposición realizada en Praxis Arte Internacional, México, 1999 \ Texto bilingu : inglés español \ Con el patronazgo del maestro venezolano Jesús Rafael Soto (q.e.p.d.) \ Registro auspiciado por el IDCT. Bogotá
600 0 0 _aCARBONELL, SANTIAGO, 1960/
_xTRABAJOS PICTORICOS
650 1 4 _aARTE CONTEMPORANEO ESPAÑOL
650 1 4 _xCATALOGOS
650 1 4 _xEXPOSICIONES
650 1 4 _aPINTORES ESPAÑOLES
650 1 4 _aPINTURA DE RETRATOS ESPAÑOLA
650 1 4 _aPINTURA ESPAÑOLA
999 _c3294
_d3294
260 _aMéxico : Praxis Arte Internacional
_c1999